|
|
|
|
| LEADER |
00000cab a2200000 a 4500 |
| 001 |
036659 |
| 003 |
UAHC_CL |
| 005 |
20180604143006.0 |
| 008 |
041203s1995 cl 000 spa |
| 952 |
|
|
|0 0
|1 0
|4 0
|6 PERS___SOC_0203_93_000000000000000
|7 0
|8 General
|9 69627
|a BC
|b BC
|c General
|d 2017-08-03
|l 0
|o PERS. SOC.-02-03/93
|p FICTICIO5166
|r 2019-01-08 00:00:00
|t 1
|w 2017-08-03
|y REVA
|
| 999 |
|
|
|c 36659
|d 36659
|
| 040 |
|
|
|a UAHC_CL
|c UAHC_CL
|d UAHC_CL
|
| 100 |
1 |
|
|a Edwards, Aníbal
|
| 245 |
1 |
0 |
|a ¿Las casas o sepulveda? :
|b su propuesta de relación América-España /
|c Aníbal Edwards.
|
| 300 |
|
|
|a p. 285-333
|
| 500 |
|
|
|a En: Persona y sociedad, 1993, vol.7, nû2 y 3, p.285-333. ISSN 0716-730X
|
| 773 |
0 |
|
|t Persona y sociedad : revista de ILADES.
|w 036604
|
| 900 |
|
|
|a PERS. SOC.-02-03/93
|
| 942 |
|
|
|c REVA
|2 ddc
|